000 00664nam a22001697a 4500
003 UA-OsUOA
001 10837
007 ta
008 20050212b un ||||| |||| 00| 0 ukr d
942 _cSA
040 _aUA-OsUOA
_cUA-OsUOA
_dUA-OsUOA
245 _aНовий голова облдержадміністрації
_b[Указом Президента України Василя Червонія призначено головою Рівнен. облдержадмін. Міститься біогр.]
300 _aС.1
955 _a0
773 0 _w0
_tВільне слово
_dРівне
_d2005
_g№12/9 лют./
650 7 _aВиконавча влада
_2UDC
999 _c296998
_d296998